Statistiques concernant Générique - Sam le Pompier

Cliquez ici pour prendre le quiz!

Statistiques générales

  • Ce quiz a été pris 72 fois
  • Le résultat moyen est 35 sur 46

Statistiques - réponses

Réponse% Correct
Sam
100%
Sam
100%
Sam
100%
Sam
100%
Sam
100%
A
94%
À
94%
À
94%
Chaque
92%
D’alarme
92%
Signal
92%
Toujours
89%
Toujours
89%
86%
Le
86%
Le
86%
Pompier
86%
Pompier
86%
Calme
84%
Garde
84%
Pour
84%
Son
84%
Sauver
83%
Sera
79%
Te
76%
C’est
75%
C’est
75%
Danger
73%
Notre
71%
Notre
71%
Nous
71%
Héros
67%
Sans
65%
Sans
65%
Hésitation
63%
Fort
62%
Crie
60%
Peur
60%
Très
60%
Au
57%
Bonheur
56%
Moindre
54%
Fait
52%
T’aider
52%
Il
49%
Près
44%

Distribution des résultats

Percentile par nombre de réponses

% des personnes avec chaque résultat

Votre développement - résultats

Vous n’avez pas pris ce quiz